| 000 | 00914nam a22002537a 4500 | ||
|---|---|---|---|
| 999 |
_c65058 _d65058 |
||
| 005 | 20240530110805.0 | ||
| 008 | 190225s2018 ua a g 000 0 ara d | ||
| 017 |
_a2018/7988 _bمصر. دار الكتب |
||
| 040 |
_aEG-CaGPL _cEG-CaGPL |
||
| 082 | 0 | 4 |
_221 _a153.35/ _bإ ع |
| 100 | 0 | _aايمان عزت عبادة | |
| 245 | 1 | 0 |
_aعلم نفس اللغة والابداع / _cايمان عزت عبادة، طارق محمد عبدالوهاب |
| 250 | _aط.1 | ||
| 260 |
_aالقاهرة : _bمكتبة دار العلم، _c2018. |
||
| 300 |
_a158 ص. ؛ _c24 سم. |
||
| 650 | 0 | 7 |
_2qrmak _aعلم النفس |
| 650 | 0 | 7 |
_2qrmak _aالابداع |
| 650 | 0 | 7 |
_2qrmak _aالتخيل الابداعى |
| 651 | _2qrmak | ||
| 653 | 0 | _aعلم النفس الابداعى | |
| 700 | 0 |
_aطارق محمد عبدالوهاب _eمؤلف مشارك |
|
| 942 |
_2ddc _cBK |
||